| 000 | 00991aam a2200313 4500 | ||
|---|---|---|---|
| 005 | 20220830103312.0 | ||
| 008 | 150320b xxu||||| |||| 00| 0 spa d | ||
| 041 | _aEspañol | ||
| 082 | _a005.8 G633e | ||
| 100 |
_aGómez Vieites, Alvaro _911 |
||
| 245 | _aEnciclopedia de la seguridad informática | ||
| 260 |
_aMéxico _bAlfaomega _c2007 |
||
| 300 | _a696 páginas | ||
| 505 | _aContiene disco compacto N° 443 | ||
| 505 | _aDisco compacto contiene apéndices del libro. | ||
| 650 |
_aSEGURIDAD INFORMÁTICA _95397 |
||
| 650 |
_aPROCEDIMIENTOS DE SEGURIDAD _918488 |
||
| 650 |
_aSEGURIDAD DE REDES _914043 |
||
| 650 |
_aVIRUS INFORMÁTICOS _913651 |
||
| 650 |
_aCIBERTERRORISMO _91355 |
||
| 650 |
_aSISTEMAS BIOMETRICOS _918489 |
||
| 650 |
_aCRIPTOGRAFÍA _918490 |
||
| 650 |
_aINTERNET _964415 |
||
| 650 |
_aDELITOS INFORMÁTICOS _9174 |
||
| 650 |
_aPROPIEDAD INTELECTUAL _92175 |
||
| 650 |
_aPIRATERIA DIGITAL _918492 |
||
| 650 |
_aFIRMA ELECTRÓNICA _918493 |
||
| 942 | _cBK | ||
| 999 |
_c2141 _d2141 |
||